000
00256nam a22001097a 4500
082
_a
NOT DEFINED
245
_a
CORRECT YOUR ENGLISH BOOK TWO AND THREE
250
_a
4TH
260
_a
RAWALPINDI
_b
ARMY EDUCATION PRESS
_c
1986
300
_a
90P
942
_c
BK
999
_c
583976
_d
583976